| 000 | 00483cam a22001934a 4500 | ||
|---|---|---|---|
| 005 | 20250605164304.0 | ||
| 008 | 250528s ||||||||||||||||||||||||d | ||
| 035 | _a22180 | ||
| 020 | _a9789605860769 | ||
| 040 |
_aGR-AtMCL _bgre _dGR-AtMCL _eAACR2 |
||
| 245 | 1 | _aΔΙΟΙΚΗΣΗ ΑΝΘΡΩΠΙΝΟΥ ΔΥΝΑΜΙΚΟΥ | |
| 250 | _a2 | ||
| 260 |
_bΚριτική, _c2015 |
||
| 300 | _a715 | ||
| 700 | 1 |
_aDessler Gary _96863 |
|
| 942 | _cBK | ||
| 999 |
_c7236 _d7236 |
||